[Event "Keres mem (29th)"]
[Site "Vancouver CAN"]
[Date "2004.05.23"]
[Round "5.12"]
[White "Ryan, Mark"]
[Black "Fullbrook, Nigel"]
[Result "0-1"]
[WhiteElo "1968"]
[BlackElo "2157"]
[PlyCount "66"]
[GameId "2160767911145822"]
[EventDate "2004.05.21"]
[EventType "swiss"]
[EventRounds "7"]
[EventCountry "CAN"]
[SourceTitle "LesEchecs.com"]
[Source "LesEchecs.com"]
[SourceDate "2003.03.18"]
[SourceVersion "1"]
[SourceVersionDate "2003.01.01"]
[SourceQuality "1"]

1. e4 c5 2. Nf3 d6 3. d4 cxd4 4. Nxd4 Nf6 5. Nc3 g6 6. Be3 Bg7 7. Qd2 Nc6 8. f3 Bd7 9. Bc4 Rc8 10. Bb3 h6 11. O-O-O Ne5 12. h4 Nc4 13. Bxc4 Rxc4 14. Nde2 b5 15. g4 Qa5 16. Kb1 Be6 17. g5 hxg5 18. hxg5 Rxh1 19. Rxh1 Rxc3 20. Nxc3 Nxe4 21. fxe4 Bxc3 22. Qxc3 Qxa2+ 23. Kc1 Qa1+ 24. Kd2 Qxh1 25. Qc6+ Kf8 26. Qa8+ Kg7 27. Bd4+ f6 28. gxf6+ exf6 29. Qxa7+ Bf7 30. Qe7 Qh2+ 31. Kc3 Qf4 32. b3 g5 33. Kb2 d5 0-1

[Event "Keres mem (29th)"]
[Site "Vancouver CAN"]
[Date "2004.05.23"]
[Round "5.13"]
[White "Collins, Casey"]
[Black "Tegzes, Laszlo"]
[Result "0-1"]
[WhiteElo "1685"]
[BlackElo "2203"]
[PlyCount "50"]
[GameId "2160767911145823"]
[EventDate "2004.05.21"]
[EventType "swiss"]
[EventRounds "7"]
[EventCountry "CAN"]
[SourceTitle "LesEchecs.com"]
[Source "LesEchecs.com"]
[SourceDate "2003.03.18"]
[SourceVersion "1"]
[SourceVersionDate "2003.01.01"]
[SourceQuality "1"]

1. d4 Nf6 2. c4 g6 3. Nf3 Bg7 4. Nc3 d6 5. e4 O-O 6. Bd3 e5 7. dxe5 dxe5 8. Nxe5 Nxe4 9. Nxe4 Bxe5 10. O-O Bg7 11. Bg5 f6 12. Bh4 Nc6 13. f4 Bf5 14. g4 Bxg4 15. Qxg4 Qxd3 16. Qe6+ Kh8 17. Rad1 Qe3+ 18. Bf2 Qe2 19. Rd2 Qh5 20. Rd5 Qh6 21. Bc5 Rfe8 22. Qf7 Rxe4 23. Rfd1 Re2 24. Bf2 Qxf4 25. Bg3 Qe3+ 0-1

[Event "Keres mem (29th)"]
[Site "Vancouver CAN"]
[Date "2004.05.23"]
[Round "5.14"]
[White "Goutor, Valentina"]
[Black "Fletcher, Christopher"]
[Result "1-0"]
[WhiteElo "1899"]
[BlackElo "1689"]
[PlyCount "81"]
[GameId "2160767911145824"]
[EventDate "2004.05.21"]
[EventType "swiss"]
[EventRounds "7"]
[EventCountry "CAN"]
[SourceTitle "LesEchecs.com"]
[Source "LesEchecs.com"]
[SourceDate "2003.03.18"]
[SourceVersion "1"]
[SourceVersionDate "2003.01.01"]
[SourceQuality "1"]

1. e4 e6 2. d4 d5 3. e5 c5 4. c3 Nc6 5. Nf3 Bd7 6. a3 cxd4 7. cxd4 Nge7 8. Be2 a6 9. b4 a5 10. b5 Na7 11. a4 Nac8 12. Ba3 Ng6 13. Bxf8 Nxf8 14. Nbd2 Nb6 15. Nb3 Bc8 16. Nc5 Nfd7 17. Rc1 Nxc5 18. dxc5 Nd7 19. Qd4 f6 20. c6 bxc6 21. Rxc6 Qe7 22. O-O fxe5 23. Nxe5 Nxe5 24. Qxe5 O-O 25. Bg4 Kh8 26. Re1 Qh4 27. f3 Ra7 28. Rec1 Bd7 29. Rc7 Rxc7 30. Rxc7 Rc8 31. Rxc8+ Bxc8 32. Qc3 Qd8 33. Qc5 h5 34. Bxh5 Qh4 35. Qxc8+ Kh7 36. Qxe6 Qd4+ 37. Kf1 Qd1+ 38. Kf2 Qd2+ 39. Kg3 Qg5+ 40. Qg4 Qe5+ 41. Kh3 1-0

[Event "Keres mem (29th)"]
[Site "Vancouver CAN"]
[Date "2004.05.23"]
[Round "5.15"]
[White "Schemm, Michael"]
[Black "Escandor, Manuel Omana"]
[Result "1-0"]
[WhiteElo "2077"]
[BlackElo "1686"]
[PlyCount "77"]
[GameId "2160767911145825"]
[EventDate "2004.05.21"]
[EventType "swiss"]
[EventRounds "7"]
[EventCountry "CAN"]
[SourceTitle "LesEchecs.com"]
[Source "LesEchecs.com"]
[SourceDate "2003.03.18"]
[SourceVersion "1"]
[SourceVersionDate "2003.01.01"]
[SourceQuality "1"]

1. Nf3 Nc6 2. b3 e5 3. Bb2 d6 4. g3 Be7 5. Bg2 Bf5 6. O-O h6 7. d4 e4 8. Nfd2 d5 9. c4 Nf6 10. cxd5 Qxd5 11. e3 Nb4 12. Nc3 Qe6 13. Ba3 O-O 14. Bxb4 Bxb4 15. Rc1 c6 16. Nc4 Bg4 17. Qc2 Bxc3 18. Qxc3 Bf3 19. Rfe1 Nd5 20. Qd2 f6 21. a3 Ne7 22. Bxf3 exf3 23. Qd1 Rad8 24. Qxf3 Rd5 25. Nd2 Ng6 26. Qe4 Qf7 27. f4 Re8 28. Qc2 Ne7 29. Nf3 Rb5 30. b4 Qh5 31. Kg2 Kh8 32. e4 g5 33. f5 Nc8 34. e5 fxe5 35. dxe5 Rd5 36. e6 Qg4 37. Ne5 Qd4 38. Rcd1 Qg4 39. Nxg4 1-0

[Event "Keres mem (29th)"]
[Site "Vancouver CAN"]
[Date "2004.05.24"]
[Round "6.1"]
[White "Orlov, Georgi"]
[Black "Arapovic, Vitomir"]
[Result "1-0"]
[WhiteElo "2605"]
[BlackElo "2322"]
[PlyCount "89"]
[GameId "2160767911145826"]
[EventDate "2004.05.21"]
[EventType "swiss"]
[EventRounds "7"]
[EventCountry "CAN"]
[SourceTitle "LesEchecs.com"]
[Source "LesEchecs.com"]
[SourceDate "2003.03.18"]
[SourceVersion "1"]
[SourceVersionDate "2003.01.01"]
[SourceQuality "1"]

1. d4 g6 2. c4 Bg7 3. Nf3 d6 4. Nc3 Bg4 5. e3 Nc6 6. h3 Bxf3 7. Qxf3 Nf6 8. Qd1 O-O 9. Be2 e6 10. O-O d5 11. cxd5 exd5 12. b4 Re8 13. Qb3 Qd7 14. b5 Na5 15. Qa4 b6 16. Bd2 h5 17. Rac1 Bf8 18. Nb1 Nb7 19. Qc2 Bd6 20. Qc6 Qc8 21. Bf3 Nd8 22. Qc2 Ne6 23. h4 Qd8 24. Nc3 Ne4 25. Nxe4 dxe4 26. Qxe4 Rc8 27. g3 Qf6 28. Bg2 g5 29. hxg5 Nxg5 30. Qd5 Qg6 31. Rc6 h4 32. gxh4 Ne4 33. Bb4 Qg4 34. Bxd6 Nxd6 35. Qg5+ Qxg5 36. hxg5 Nxb5 37. Bh3 Rcd8 38. a4 Nd6 39. Rxc7 Ne4 40. g6 fxg6 41. Rxa7 Rd5 42. Rc1 Rg5+ 43. Kf1 Rf8 44. Rc8 Rxc8 45. Bxc8 1-0

[Event "Keres mem (29th)"]
[Site "Vancouver CAN"]
[Date "2004.05.24"]
[Round "6.2"]
[White "Yoos, John"]
[Black "Kyriakides, Savvas"]
[Result "1-0"]
[WhiteElo "2442"]
[BlackElo "1797"]
[PlyCount "85"]
[GameId "2160767911145827"]
[EventDate "2004.05.21"]
[EventType "swiss"]
[EventRounds "7"]
[EventCountry "CAN"]
[SourceTitle "LesEchecs.com"]
[Source "LesEchecs.com"]
[SourceDate "2003.03.18"]
[SourceVersion "1"]
[SourceVersionDate "2003.01.01"]
[SourceQuality "1"]

1. e4 c5 2. Nf3 d6 3. d4 cxd4 4. Nxd4 Nf6 5. Nc3 a6 6. Bg5 Nbd7 7. f4 g6 8. Qe2 Bg7 9. e5 dxe5 10. fxe5 Nh5 11. Nf3 h6 12. Bd2 Nc5 13. Qf2 Qc7 14. O-O-O Be6 15. h3 Bxe5 16. Nxe5 Qxe5 17. g4 Ng3 18. Rg1 Nge4 19. Nxe4 Nxe4 20. Qe3 f6 21. Bg2 Nd6 22. Qxe5 fxe5 23. Bc3 O-O-O 24. Bxe5 Rh7 25. Rd3 Rf7 26. Rgd1 Rf2 27. Bh1 h5 28. Bg3 Rff8 29. Re3 Bd7 30. Rxe7 Nb5 31. a4 Na7 32. Bxb7+ Kxb7 33. Rexd7+ Rxd7 34. Rxd7+ Kb6 35. a5+ Kxa5 36. Rxa7 hxg4 37. hxg4 Rf1+ 38. Kd2 Rg1 39. Bf2 Rxg4 40. Rb7 Rc4 41. Be1 Re4 42. b3 g5 43. Kd1+ 1-0

[Event "Keres mem (29th)"]
[Site "Vancouver CAN"]
[Date "2004.05.24"]
[Round "6.3"]
[White "Davies, Lucas"]
[Black "Milicevic, Dragoljub"]
[Result "1/2-1/2"]
[WhiteElo "2115"]
[BlackElo "2209"]
[PlyCount "53"]
[GameId "2160767911145828"]
[EventDate "2004.05.21"]
[EventType "swiss"]
[EventRounds "7"]
[EventCountry "CAN"]
[SourceTitle "LesEchecs.com"]
[Source "LesEchecs.com"]
[SourceDate "2003.03.18"]
[SourceVersion "1"]
[SourceVersionDate "2003.01.01"]
[SourceQuality "1"]

1. e4 d5 2. exd5 Nf6 3. d4 Nxd5 4. c4 Nb6 5. Nc3 e5 6. Be3 exd4 7. Qxd4 Qxd4 8. Bxd4 Nc6 9. Be3 Bb4 10. Bd2 O-O 11. O-O-O Bf5 12. Nf3 Rad8 13. Be2 Na5 14. Nb5 Bxd2+ 15. Nxd2 a6 16. Nc3 Nc6 17. Nf3 Nb4 18. Nd4 Bg6 19. a3 c5 20. Nb3 Nc6 21. Rxd8 Rxd8 22. Rd1 Rxd1+ 23. Kxd1 Nd4 24. Nxc5 Nxe2 25. Kxe2 Nxc4 26. Nxb7 Nxb2 27. Nc5 1/2-1/2

[Event "Keres mem (29th)"]
[Site "Vancouver CAN"]
[Date "2004.05.24"]
[Round "6.4"]
[White "Ferguson, Jim"]
[Black "Harper, Bruce"]
[Result "1/2-1/2"]
[WhiteElo "2111"]
[BlackElo "2337"]
[PlyCount "22"]
[GameId "2160767911145829"]
[EventDate "2004.05.21"]
[EventType "swiss"]
[EventRounds "7"]
[EventCountry "CAN"]
[SourceTitle "LesEchecs.com"]
[Source "LesEchecs.com"]
[SourceDate "2003.03.18"]
[SourceVersion "1"]
[SourceVersionDate "2003.01.01"]
[SourceQuality "1"]

1. e4 g6 2. d4 d6 3. c4 Bg7 4. Nc3 Nc6 5. Be3 e5 6. d5 Nce7 7. g4 a6 8. Bd3 c5 9. a3 f6 10. h4 Nh6 11. f3 f5 1/2-1/2

[Event "Keres mem (29th)"]
[Site "Vancouver CAN"]
[Date "2004.05.24"]
[Round "6.5"]
[White "Neufahrt, Gerhard"]
[Black "Gansvind, Valeriya"]
[Result "0-1"]
[WhiteElo "2052"]
[BlackElo "2311"]
[PlyCount "81"]
[GameId "2160767911145830"]
[EventDate "2004.05.21"]
[EventType "swiss"]
[EventRounds "7"]
[EventCountry "CAN"]
[SourceTitle "LesEchecs.com"]
[Source "LesEchecs.com"]
[SourceDate "2003.03.18"]
[SourceVersion "1"]
[SourceVersionDate "2003.01.01"]
[SourceQuality "1"]

1. d4 g6 2. Nf3 d6 3. Bf4 Bg7 4. e3 c6 5. Nbd2 Nf6 6. Bd3 Nh5 7. Bg5 h6 8. Bh4 g5 9. Ng1 Nf4 10. exf4 gxh4 11. c3 h3 12. Qf3 hxg2 13. Qxg2 Bf6 14. Ne4 e6 15. Nxf6+ Qxf6 16. Ne2 Nd7 17. Rg1 Nb6 18. O-O-O Nd5 19. Qg7 Qxg7 20. Rxg7 Kf8 21. Rdg1 Nf6 22. c4 b6 23. Nc3 Ba6 24. b3 d5 25. Kd2 dxc4 26. Bxc4 b5 27. Bd3 Rd8 28. Ke3 c5 29. Nxb5 Nd5+ 30. Kf3 Nb4 31. Bc4 Nc6 32. a4 Bb7 33. Ke2 a6 34. Bxe6 fxe6 35. Rxb7 axb5 36. Rgg7 bxa4 37. dxc5 a3 38. b4 a2 39. Rg1 Nd4+ 40. Ke3 Rg8 41. c6 0-1

[Event "Keres mem (29th)"]
[Site "Vancouver CAN"]
[Date "2004.05.24"]
[Round "6.6"]
[White "Oszvald, Joseph"]
[Black "Adam, Valerian"]
[Result "1-0"]
[WhiteElo "2113"]
[BlackElo "2292"]
[PlyCount "117"]
[GameId "2160767911145831"]
[EventDate "2004.05.21"]
[EventType "swiss"]
[EventRounds "7"]
[EventCountry "CAN"]
[SourceTitle "LesEchecs.com"]
[Source "LesEchecs.com"]
[SourceDate "2003.03.18"]
[SourceVersion "1"]
[SourceVersionDate "2003.01.01"]
[SourceQuality "1"]

1. c4 e5 2. Nc3 Nc6 3. g3 g6 4. Bg2 Bg7 5. e3 Nge7 6. Nge2 d6 7. d4 O-O 8. d5 Nb8 9. O-O a5 10. a3 Nd7 11. Rb1 Nb6 12. Qd3 a4 13. e4 Nd7 14. Be3 Nc5 15. Bxc5 dxc5 16. Rfd1 b6 17. Nb5 Ba6 18. Nec3 Bxb5 19. cxb5 Nc8 20. Qc2 Nd6 21. Bf1 Qd7 22. Nxa4 Nxb5 23. Bxb5 Qxb5 24. Nc3 Qd7 25. Qb3 Rab8 26. Nb5 Kh8 27. d6 c6 28. Nc7 Rfd8 29. Na6 Rb7 30. Rd3 Bf8 31. Rbd1 Kg7 32. a4 Kg8 33. a5 Ra8 34. Nc7 Rxa5 35. Qc3 Bg7 36. Kg2 Rba7 37. Qb3 b5 38. Rf3 c4 39. Qe3 Rb7 40. h4 h5 41. Qg5 Bf8 42. Rf6 Rb8 43. f4 exf4 44. e5 Qg4 45. e6 Qe2+ 46. Kh3 Qxd1 47. exf7+ Kh8 48. gxf4 Qf3+ 49. Kh2 Ra1 50. Qg2 Qxg2+ 51. Kxg2 Rd8 52. Rxg6 Bxd6 53. Ne8 Kh7 54. Rxd6 Rxd6 55. f8=Q Rd2+ 56. Kf3 Rf1+ 57. Ke4 Rg2 58. Qf7+ Kh6 59. Nf6 1-0

[Event "Keres mem (29th)"]
[Site "Vancouver CAN"]
[Date "2004.05.24"]
[Round "6.7"]
[White "Meng, Fanhao"]
[Black "Burke, Paul"]
[Result "1-0"]
[WhiteElo "2300"]
[BlackElo "2019"]
[PlyCount "71"]
[GameId "2160767911145832"]
[EventDate "2004.05.21"]
[EventType "swiss"]
[EventRounds "7"]
[EventCountry "CAN"]
[SourceTitle "LesEchecs.com"]
[Source "LesEchecs.com"]
[SourceDate "2003.03.18"]
[SourceVersion "1"]
[SourceVersionDate "2003.01.01"]
[SourceQuality "1"]

1. e4 c5 2. c3 Nf6 3. d3 Nc6 4. Bg5 d5 5. Nd2 d4 6. c4 e5 7. Bh4 Be7 8. Bxf6 Bxf6 9. g3 O-O 10. Bg2 Be6 11. Ne2 Qd7 12. O-O Bh3 13. f4 Bxg2 14. Kxg2 exf4 15. gxf4 g6 16. Ng3 Bg7 17. h4 h5 18. Qf3 Qg4 19. Qxg4 hxg4 20. a3 f5 21. h5 fxe4 22. Ndxe4 gxh5 23. Nxh5 Rf5 24. Nxg7 Kxg7 25. Nd6 Rh5 26. Rh1 Rah8 27. Nxb7 Rxh1 28. Rxh1 Rb8 29. Nxc5 Rxb2+ 30. Kg3 Ra2 31. a4 Nb4 32. Kxg4 Ra3 33. Kf5 a5 34. Ke4 Nc2 35. Rh2 Rc3 36. Ne6+ 1-0

[Event "Keres mem (29th)"]
[Site "Vancouver CAN"]
[Date "2004.05.24"]
[Round "6.8"]
[White "Fullbrook, Nigel"]
[Black "Angelvette, Duane"]
[Result "1-0"]
[WhiteElo "2157"]
[BlackElo "1686"]
[PlyCount "43"]
[GameId "2160767911145833"]
[EventDate "2004.05.21"]
[EventType "swiss"]
[EventRounds "7"]
[EventCountry "CAN"]
[SourceTitle "LesEchecs.com"]
[Source "LesEchecs.com"]
[SourceDate "2003.03.18"]
[SourceVersion "1"]
[SourceVersionDate "2003.01.01"]
[SourceQuality "1"]

1. e4 e5 2. Nf3 Nc6 3. d4 exd4 4. c3 d5 5. exd5 Qxd5 6. cxd4 Bg4 7. Be2 O-O-O 8. Nc3 Bb4 9. O-O Qa5 10. Be3 Nge7 11. h3 Bxc3 12. bxc3 Bxf3 13. Bxf3 Ne5 14. Be2 N5c6 15. Qb3 Rd5 16. Rfd1 Qb6 17. c4 Qxb3 18. axb3 Ra5 19. d5 Rxa1 20. Rxa1 Nb4 21. Bc5 Nc2 22. Ra2 1-0

[Event "Keres mem (29th)"]
[Site "Vancouver CAN"]
[Date "2004.05.24"]
[Round "6.9"]
[White "Yousefzadeh, Mehrdad"]
[Black "North, Robert"]
[Result "0-1"]
[WhiteElo "1987"]
[BlackElo "2081"]
[PlyCount "104"]
[GameId "2160767911145834"]
[EventDate "2004.05.21"]
[EventType "swiss"]
[EventRounds "7"]
[EventCountry "CAN"]
[SourceTitle "LesEchecs.com"]
[Source "LesEchecs.com"]
[SourceDate "2003.03.18"]
[SourceVersion "1"]
[SourceVersionDate "2003.01.01"]
[SourceQuality "1"]

1. d4 Nf6 2. c4 g6 3. Nc3 d5 4. Nf3 Bg7 5. Qb3 dxc4 6. Qxc4 O-O 7. e4 Na6 8. a3 c5 9. d5 e6 10. Bg5 exd5 11. exd5 Re8+ 12. Be2 h6 13. Bxf6 Qxf6 14. O-O Bd7 15. Bd3 Rab8 16. Ne4 Qf4 17. Nc3 Qxc4 18. Bxc4 b5 19. Bd3 c4 20. Bb1 Nc5 21. Bc2 a5 22. Rae1 b4 23. axb4 axb4 24. Nd1 Na4 25. Rxe8+ Rxe8 26. b3 cxb3 27. Bxb3 Nc5 28. Bc4 b3 29. Ne3 b2 30. Nd2 Ba4 31. Re1 Bc3 32. Rb1 Bxd2 33. Rxb2 Bxe3 34. fxe3 Rxe3 35. d6 Rc3 36. Rb4 Rc1+ 37. Kf2 Ne4+ 38. Ke3 Nxd6 39. Bxf7+ Kxf7 40. Rxa4 Rf1 41. Ke2 Rf6 42. Ke3 Ke6 43. Rb4 g5 44. g3 Rf1 45. Ke2 Rh1 46. h4 gxh4 47. g4 Rh3 48. Kf2 Rg3 49. Ra4 Ke5 50. Ra5+ Kf4 51. Rh5 Ne4+ 52. Kf1 Ke3 0-1

[Event "Keres mem (29th)"]
[Site "Vancouver CAN"]
[Date "2004.05.24"]
[Round "6.11"]
[White "Tegzes, Laszlo"]
[Black "Sladek, Vaclav"]
[Result "1/2-1/2"]
[WhiteElo "2203"]
[BlackElo "2000"]
[PlyCount "87"]
[GameId "2160767911145835"]
[EventDate "2004.05.21"]
[EventType "swiss"]
[EventRounds "7"]
[EventCountry "CAN"]
[SourceTitle "LesEchecs.com"]
[Source "LesEchecs.com"]
[SourceDate "2003.03.18"]
[SourceVersion "1"]
[SourceVersionDate "2003.01.01"]
[SourceQuality "1"]

1. e4 c5 2. c3 Nf6 3. e5 Nd5 4. d4 cxd4 5. cxd4 e6 6. Nc3 d6 7. Nf3 Nc6 8. Bd3 dxe5 9. dxe5 Ndb4 10. Be4 Qxd1+ 11. Nxd1 Nd5 12. O-O Be7 13. Bd2 O-O 14. Nc3 Nxc3 15. Bxc3 Bd7 16. Nd2 b5 17. b4 Rac8 18. a3 Na5 19. Bd4 Nc4 20. Rfd1 Rc7 21. Nxc4 bxc4 22. Bc3 Ba4 23. Rd2 Rd8 24. Rxd8+ Bxd8 25. Kf1 Rd7 26. Ke2 Bb6 27. f4 g6 28. Rc1 h5 29. g3 Kf8 30. h3 Ke7 31. g4 hxg4 32. hxg4 Kd8 33. Rh1 Kc7 34. Rc1 Rd8 35. f5 gxf5 36. gxf5 Rh8 37. fxe6 Rh2+ 38. Kf3 fxe6 39. Bb1 Bc6+ 40. Kg3 Rg2+ 41. Kf4 Rf2+ 42. Kg4 Rg2+ 43. Kf4 Rf2+ 44. Kg4 1/2-1/2

[Event "Keres mem (29th)"]
[Site "Vancouver CAN"]
[Date "2004.05.24"]
[Round "6.12"]
[White "Chan, James"]
[Black "Schemm, Michael"]
[Result "0-1"]
[WhiteElo "1952"]
[BlackElo "2077"]
[PlyCount "128"]
[GameId "2160767911145836"]
[EventDate "2004.05.21"]
[EventType "swiss"]
[EventRounds "7"]
[EventCountry "CAN"]
[SourceTitle "LesEchecs.com"]
[Source "LesEchecs.com"]
[SourceDate "2003.03.18"]
[SourceVersion "1"]
[SourceVersionDate "2003.01.01"]
[SourceQuality "1"]

1. d4 Nc6 2. e4 d5 3. e5 Bf5 4. c3 f6 5. f4 Qd7 6. Nf3 e6 7. Nh4 Be4 8. Nd2 f5 9. Nxe4 fxe4 10. g3 O-O-O 11. Bh3 g6 12. Qa4 Kb8 13. Qc2 Be7 14. Ng2 Nh6 15. b4 Nf5 16. Bxf5 gxf5 17. a4 Bxb4 18. cxb4 Nxd4 19. Qb2 Nf3+ 20. Kf2 Qc6 21. Ra3 d4 22. Rxf3 exf3 23. Ne1 Qxa4 24. Nxf3 d3 25. Be3 b6 26. Rc1 h6 27. Nd4 Rxd4 28. Bxd4 Rd8 29. Be3 Qb5 30. Qc3 Rd7 31. Rd1 Kb7 32. Bd4 Rd5 33. Rc1 c5 34. bxc5 bxc5 35. Be3 a5 36. Ke1 Kc6 37. Bd2 a4 38. Qa1 Qb3 39. Qb1 Rd4 40. Qxb3 axb3 41. Be3 b2 42. Rb1 Rb4 43. Kd2 Rb3 44. Bf2 Kd5 45. Bg1 c4 46. Ke3 Kc5 47. Kd2+ Kb4 48. g4 fxg4 49. f5 exf5 50. e6 Ka3 51. Bd4 Rb7 52. Rxb2 Rxb2+ 53. Bxb2+ Kxb2 54. e7 c3+ 55. Kxd3 c2 56. e8=Q c1=Q 57. Qb5+ Ka2 58. Qd5+ Kb1 59. Qb3+ Qb2 60. Qd1+ Ka2 61. Qa4+ Qa3+ 62. Qxa3+ Kxa3 63. Ke3 h5 64. Kf4 h4 0-1

[Event "Keres mem (29th)"]
[Site "Vancouver CAN"]
[Date "2004.05.24"]
[Round "6.13"]
[White "Mandic, Slaven"]
[Black "Steininger, Gavin"]
[Result "1/2-1/2"]
[WhiteElo "1970"]
[BlackElo "1951"]
[PlyCount "46"]
[GameId "2160767911145837"]
[EventDate "2004.05.21"]
[EventType "swiss"]
[EventRounds "7"]
[EventCountry "CAN"]
[SourceTitle "LesEchecs.com"]
[Source "LesEchecs.com"]
[SourceDate "2003.03.18"]
[SourceVersion "1"]
[SourceVersionDate "2003.01.01"]
[SourceQuality "1"]

1. f4 g6 2. Nf3 d5 3. e3 Bg7 4. Be2 c5 5. d3 Nc6 6. O-O Nf6 7. Qe1 O-O 8. Bd1 Re8 9. e4 e5 10. Nc3 b6 11. fxe5 Nxe5 12. Bg5 dxe4 13. Nxe5 Qd4+ 14. Qf2 e3 15. Bxe3 Qxe5 16. Bf4 Qe6 17. Kh1 Bd7 18. Bf3 Rad8 19. Rae1 Qf5 20. Be4 Qh5 21. h3 Nxe4 22. Nxe4 Bc6 23. Bc1 f5 1/2-1/2

[Event "Keres mem (29th)"]
[Site "Vancouver CAN"]
[Date "2004.05.24"]
[Round "6.14"]
[White "Krzyzowski, Ernest"]
[Black "Goutor, Valentina"]
[Result "0-1"]
[WhiteElo "1708"]
[BlackElo "1899"]
[PlyCount "70"]
[GameId "2160767911145838"]
[EventDate "2004.05.21"]
[EventType "swiss"]
[EventRounds "7"]
[EventCountry "CAN"]
[SourceTitle "LesEchecs.com"]
[Source "LesEchecs.com"]
[SourceDate "2003.03.18"]
[SourceVersion "1"]
[SourceVersionDate "2003.01.01"]
[SourceQuality "1"]

1. c4 g6 2. Nc3 Bg7 3. e4 d6 4. d3 c5 5. g3 Nc6 6. Bg2 e6 7. Nf3 Nge7 8. Bg5 h6 9. Be3 O-O 10. Qd2 Kh7 11. h4 Nd4 12. h5 Nxf3+ 13. Bxf3 g5 14. Be2 Nc6 15. f4 Bd4 16. fxg5 Bxe3 17. g6+ fxg6 18. hxg6+ Kxg6 19. Qxe3 Qg5 20. Kd2 Nd4 21. Qxg5+ Kxg5 22. Rh5+ Kg6 23. Rah1 Rh8 24. Bd1 Bd7 25. g4 Rh7 26. Rf1 Rah8 27. e5 dxe5 28. Rxe5 b6 29. Ne4 Rf7 30. Rxf7 Kxf7 31. a4 Bxa4 32. Rh5 Bxd1 33. Kxd1 Kg6 34. Kd2 Rf8 35. Ke1 Rf4 0-1

[Event "Keres mem (29th)"]
[Site "Vancouver CAN"]
[Date "2004.05.24"]
[Round "6.15"]
[White "Fletcher, Christopher"]
[Black "Ryan, Mark"]
[Result "0-1"]
[WhiteElo "1689"]
[BlackElo "1968"]
[PlyCount "66"]
[GameId "2160767911145839"]
[EventDate "2004.05.21"]
[EventType "swiss"]
[EventRounds "7"]
[EventCountry "CAN"]
[SourceTitle "LesEchecs.com"]
[Source "LesEchecs.com"]
[SourceDate "2003.03.18"]
[SourceVersion "1"]
[SourceVersionDate "2003.01.01"]
[SourceQuality "1"]

1. d4 Nf6 2. c4 g6 3. Nc3 Bg7 4. e4 d6 5. Nf3 O-O 6. Be2 e5 7. Be3 Na6 8. d5 Ng4 9. Bg5 Qe8 10. Nd2 f6 11. Bh4 Nh6 12. f3 f5 13. Bf2 f4 14. Rb1 g5 15. b4 Rf6 16. c5 Bf8 17. Bxa6 bxa6 18. c6 Qh5 19. b5 g4 20. Rb3 gxf3 21. Rg1 Rg6 22. Nxf3 Ng4 23. Nh4 Rh6 24. Rb2 Nxf2 25. Rxf2 Qxd1+ 26. Kxd1 Rxh4 27. g3 Rg4 28. Ne2 fxg3 29. Nxg3 Bh6 30. h3 Be3 31. hxg4 Bxf2 32. Rg2 Bxg3 33. Rxg3 axb5 0-1

[Event "Keres mem (29th)"]
[Site "Vancouver CAN"]
[Date "2004.05.24"]
[Round "6.16"]
[White "Escandor, Manuel Omana"]
[Black "Collins, Casey"]
[Result "1-0"]
[WhiteElo "1686"]
[BlackElo "1685"]
[PlyCount "105"]
[GameId "2160767911145840"]
[EventDate "2004.05.21"]
[EventType "swiss"]
[EventRounds "7"]
[EventCountry "CAN"]
[SourceTitle "LesEchecs.com"]
[Source "LesEchecs.com"]
[SourceDate "2003.03.18"]
[SourceVersion "1"]
[SourceVersionDate "2003.01.01"]
[SourceQuality "1"]

1. e4 e5 2. Nf3 Nc6 3. Bc4 Nf6 4. Nc3 Bc5 5. O-O O-O 6. d3 d6 7. h3 Na5 8. Nd2 Nxc4 9. Nxc4 a6 10. a4 h6 11. Kh1 Be6 12. Ne3 Qd7 13. Ncd5 Nh7 14. f4 Bxh3 15. f5 Bxg2+ 16. Nxg2 c6 17. Nc3 d5 18. Qg4 Nf6 19. Qh4 Be7 20. Qh3 dxe4 21. dxe4 Qd4 22. Rd1 Qb4 23. Qf3 Rad8 24. Rxd8 Rxd8 25. b3 Qd4 26. Bb2 Qd2 27. Ne3 Qd4 28. Rd1 Qb4 29. Nc4 Qc5 30. Ba3 Rxd1+ 31. Nxd1 Qd4 32. Bxe7 Nxe4 33. Kg2 f6 34. Qd3 Qa1 35. Nce3 Ng5 36. Qd8+ Kh7 37. Ng4 Qc1 38. Nge3 Ne4 39. Qd3 Ng5 40. Bxf6 gxf6 41. Qd7+ Kg8 42. Qe8+ Kg7 43. Qg6+ Kf8 44. Qxf6+ Nf7 45. Qh4 Qd2+ 46. Kf1 Kg7 47. Qg3+ Kf6 48. Qg6+ Ke7 49. Qe6+ Kf8 50. Qc8+ Kg7 51. Qxb7 e4 52. Qxc6 Ng5 53. Qg6+ 1-0

[Event "Keres mem (29th)"]
[Site "Vancouver CAN"]
[Date "2004.05.24"]
[Round "7.1"]
[White "Orlov, Georgi"]
[Black "Davies, Lucas"]
[Result "1-0"]
[WhiteElo "2605"]
[BlackElo "2115"]
[PlyCount "47"]
[GameId "2160767911145842"]
[EventDate "2004.05.21"]
[EventType "swiss"]
[EventRounds "7"]
[EventCountry "CAN"]
[SourceTitle "LesEchecs.com"]
[Source "LesEchecs.com"]
[SourceDate "2003.03.18"]
[SourceVersion "1"]
[SourceVersionDate "2003.01.01"]
[SourceQuality "1"]

1. d4 Nf6 2. Nf3 e6 3. g3 b6 4. Bg2 Bb7 5. O-O Be7 6. c4 O-O 7. d5 d6 8. Nh4 e5 9. Nf5 Nbd7 10. Nc3 Ne8 11. f4 g6 12. Nxe7+ Qxe7 13. f5 f6 14. fxg6 hxg6 15. e4 Qh7 16. Qc2 Ng7 17. Be3 a6 18. b4 f5 19. c5 Nf6 20. Bg5 Qh5 21. Qd2 Bc8 22. Bf3 Ng4 23. cxd6 cxd6 24. Be7 1-0